সমকালীন আন্তর্জাতিক আইন / (Record no. 2530)

MARC details
000 -LEADER
fixed length control field 00926nam a22002537a 4500
003 - CONTROL NUMBER IDENTIFIER
control field BD-DhJNU
005 - DATE AND TIME OF LATEST TRANSACTION
control field 20260114053912.0
008 - FIXED-LENGTH DATA ELEMENTS--GENERAL INFORMATION
fixed length control field 260114b |||||||| |||| 00| 0 eng d
020 ## - INTERNATIONAL STANDARD BOOK NUMBER
International Standard Book Number 98484660133
040 ## - CATALOGING SOURCE
Original cataloging agency BD-DhJNU
Language of cataloging ENG
Transcribing agency BD-DhJNU
Modifying agency BD-DhJNU
082 ## - DEWEY DECIMAL CLASSIFICATION NUMBER
Edition number 23
Classification number 341 ALS
100 ## - MAIN ENTRY--PERSONAL NAME
Personal name আলম, এম. শাহ
242 ## - TRANSLATION OF TITLE BY CATALOGING AGENCY
Title Contemporary International Law /
Remainder of title
Statement of responsibility, etc. Muhammad Shah Alam
245 ## - TITLE STATEMENT
Title সমকালীন আন্তর্জাতিক আইন /
Statement of responsibility, etc. এম. শাহ আলম
246 ## - VARYING FORM OF TITLE
Title proper/short title Somokalin antorrjatik ain /
250 ## - EDITION STATEMENT
Edition statement 2nd ed
260 ## - PUBLICATION, DISTRIBUTION, ETC.
Place of publication, distribution, etc. ঢাকা :
Name of publisher, distributor, etc. নিউ ওয়ার্সী বুক কর্পোরেশন,
Date of publication, distribution, etc. 2008.
300 ## - PHYSICAL DESCRIPTION
Extent ২৬, ৮৩৮ পৃ. :
Other physical details চিত্র।
Dimensions ২৪ সেমি।
490 ## - SERIES STATEMENT
Materials specified
650 ## - SUBJECT ADDED ENTRY--TOPICAL TERM
Topical term or geographic name entry element International law
650 ## - SUBJECT ADDED ENTRY--TOPICAL TERM
Topical term or geographic name entry element Law and Justice
650 ## - SUBJECT ADDED ENTRY--TOPICAL TERM
Topical term or geographic name entry element আইন ও বিচারক
942 ## - ADDED ENTRY ELEMENTS (KOHA)
Source of classification or shelving scheme Dewey Decimal Classification
Koha item type Books
Suppress in OPAC No
Holdings
Withdrawn status Lost status Source of classification or shelving scheme Damaged status Not for loan Collection Home library Current library Shelving location Date acquired Source of acquisition Total checkouts Full call number Barcode Date last seen Copy number Price effective from Koha item type
    Dewey Decimal Classification     Non-fiction Jagannath University Central Library Jagannath University Central Library General stacks 01/14/2026 Purchased   341 ALS JNUCL36489 01/14/2026 1 01/14/2026 Books